Nintendo 64 games quiz - Statistics

General Stats
  • This quiz has been taken 53 times
  • The average score is 7 of 10
Answer Stats
Hint Answer % Correct
Restore the power of the stars to the princess's castle Mario 64
100%
Yoshi Valley and Wario Stadium are two of the sixteen race courses in this game Mario Kart 64
95%
This 1997 James Bond classic is one of the forefathers of modern shoot 'em up multiplayer games GoldenEye
93%
Bear and bird climb the witch's tower in this 1998 classic Banjo-Kazooie
90%
The Hero of Time defeats the evil king Ganondorf (use subtitle only) Ocarina of Time
88%
Fox McCloud destroys Andross and finds out that his father is still alive Star Fox 64
85%
Four giants are summoned to stop the moon from crashing and destroying the world of Termina (use subtitle only) Majora's Mask
68%
Agent Joanna Dark prevents a race of aliens from activating the Cetan mega-weapon, which would have been used to wage inter-planetary warfare Perfect Dark
56%
High speed futuristic racing game that inludes courses such as "Devil's Forest" and "Sector α" F-Zero X
51%
Race across the United States and see the Grand Canyon, the redwood forest, Mount Rushmore, and other popular sites along the way Cruis'n USA
20%
No matching quizzes found
Score Distribution
Percent of People with Each Score
Percentile by Number Answered
Your Score History
You have not taken this quiz